[Event "GBR-ch 103th"]
[Site "Bournemouth"]
[Date "2016.07.28"]
[Round "4.13"]
[White "Mason, Donald J"]
[Black "Claridge-Hansen, William"]
[Result "1/2-1/2"]
[WhiteElo "2143"]
[BlackElo "2299"]
[PlyCount "65"]
[EventDate "2016.07.25"]
[EventType "swiss"]
[EventRounds "11"]
[EventCountry "GBR"]

1. e4 c5 2. Nc3 Nc6 3. f4 g6 4. Nf3 Bg7 5. Bb5 Nd4 6. O-O a6 7. Bd3 d6 8. Nxd4
cxd4 9. Ne2 b5 10. c3 dxc3 11. bxc3 Nf6 12. Bc2 Bb7 13. d3 O-O 14. Rb1 Qc7 15.
Qe1 Rfc8 16. Kh1 Rab8 17. f5 Ba8 18. Bb3 Qd7 19. Qg3 Nxe4 20. Bxf7+ Kxf7 21.
fxg6+ Kg8 22. gxh7+ Kh8 23. dxe4 Rf8 24. Be3 Bxe4 25. Rbd1 e5 26. Ng1 Qe6 27.
Nf3 Bxf3 28. gxf3 Rb7 29. Rg1 d5 30. Rd2 Qf7 31. Bc5 Rd8 32. Rdg2 Rdd7 33. Qh3
1/2-1/2

[Event "GBR-ch 103th"]
[Site "Bournemouth"]
[Date "2016.07.28"]
[Round "4.14"]
[White "Duncan, Chris R"]
[Black "Willmoth, Robert F"]
[Result "1-0"]
[WhiteElo "2292"]
[BlackElo "2189"]
[PlyCount "133"]
[EventDate "2016.07.25"]
[EventType "swiss"]
[EventRounds "11"]
[EventCountry "GBR"]

1. d4 d6 2. e4 Nf6 3. Nc3 c6 4. Nf3 Bg4 5. h3 Bh5 6. Qe2 e6 7. g4 Bg6 8. h4 h5
9. g5 Nfd7 10. Bh3 Be7 11. d5 cxd5 12. exd5 e5 13. Be3 Na6 14. O-O-O O-O 15.
Nd2 Ndc5 16. f3 Re8 17. Nde4 b6 18. Kb1 Bf8 19. a3 Nc7 20. Rhg1 Rb8 21. b4 Nd7
22. Kb2 a6 23. a4 Rb7 24. Qc4 Nb8 25. Qb3 Na8 26. Nb1 a5 27. b5 Rc7 28. Rd3 Nd7
29. Na3 Qe7 30. Rc3 Rec8 31. Rc6 Rd8 32. Qc4 Nc5 33. Rd1 Rxc6 34. bxc6 Bxe4 35.
fxe4 Nc7 36. Rf1 Rb8 37. Ka2 Qd8 38. Rb1 Be7 39. Bf5 g6 40. Bh3 Kg7 41. Rf1 Qe8
42. Bxc5 bxc5 43. Nb5 Nxb5 44. axb5 Bd8 45. Ka3 Qe7 46. Rf3 Bb6 47. Qf1 Ra8 48.
Ka4 Ra7 49. Rf6 Rc7 50. Rf3 Ra7 51. Bc8 Rc7 52. Qh3 Qf8 53. Bd7 Ra7 54. Kb3 Rc7
55. Kc4 Ra7 56. Ra3 Rc7 57. Qf1 Qe7 58. Qe1 Ra7 59. Bc8 Qc7 60. Bb7 Qe7 61. Qf1
Bd8 62. Rf3 Bb6 63. Kb3 Kg8 64. Ka4 Kg7 65. Rf6 Qc7 66. Qh3 Kf8 67. Qe6 1-0

[Event "GBR-ch 103th"]
[Site "Bournemouth"]
[Date "2016.07.28"]
[Round "4.15"]
[White "Hill, Alistair"]
[Black "Lentzos, Ioannis"]
[Result "1/2-1/2"]
[WhiteElo "2257"]
[BlackElo "2016"]
[PlyCount "121"]
[EventDate "2016.07.25"]
[EventType "swiss"]
[EventRounds "11"]
[EventCountry "GBR"]

1. Nf3 c5 2. e4 e6 3. d4 cxd4 4. Nxd4 a6 5. g3 Qc7 6. Bg2 Nf6 7. O-O d6 8. b3
Nbd7 9. c4 Rb8 10. a4 b6 11. Nc3 Bb7 12. Ba3 Be7 13. Rc1 O-O 14. Qc2 Rfe8 15.
Rfd1 Nc5 16. Rd2 Rbd8 17. Rcd1 d5 18. exd5 exd5 19. Nf5 d4 20. Rxd4 Rxd4 21.
Nxd4 Bxg2 22. Kxg2 Qb7+ 23. Kg1 Nxa4 24. Bxe7 Nxc3 25. Qxc3 Qxe7 26. Nf5 Qe2
27. Qd2 Qxd2 28. Rxd2 Re1+ 29. Kg2 g6 30. Rd8+ Re8 31. Rxe8+ Nxe8 32. Ne7+ Kf8
33. Nd5 b5 34. c5 a5 35. Kf3 a4 36. bxa4 bxa4 37. Ke3 Nc7 38. Nb4 Ne6 39. c6
Ke7 40. Kd3 Kd6 41. Kc4 a3 42. Kb3 Nd4+ 43. Kxa3 Nxc6 44. Nd3 Ne5 45. Ne1 Ng4
46. Kb3 Nxf2 47. Kc3 Kd5 48. Kd2 Ke4 49. Ke2 Ng4 50. Nf3 h6 51. Nd2+ Kf5 52. h3
Nf6 53. Ke3 Nd5+ 54. Kf3 Ke5 55. Nc4+ Ke6 56. g4 f5 57. gxf5+ gxf5 58. Kg3 Kf6
59. Nd6 h5 60. Kh4 Ke6 61. Nxf5 1/2-1/2

[Event "GBR-ch 103th"]
[Site "Bournemouth"]
[Date "2016.07.28"]
[Round "4.16"]
[White "Waddington, Mike P"]
[Black "Storey, Charles H"]
[Result "1-0"]
[WhiteElo "2018"]
[BlackElo "2256"]
[PlyCount "105"]
[EventDate "2016.07.25"]
[EventType "swiss"]
[EventRounds "11"]
[EventCountry "GBR"]

1. d4 g6 2. Nf3 Bg7 3. c3 Nf6 4. e3 d6 5. Bc4 O-O 6. O-O Nbd7 7. Nbd2 a6 8. a4
b6 9. Re1 d5 10. Bd3 c5 11. e4 dxe4 12. Nxe4 cxd4 13. Nxd4 Bb7 14. Bg5 Qc7 15.
Qe2 Nd5 16. Ng3 e5 17. Nc2 f5 18. Bc4 Kh8 19. Bxd5 Bxd5 20. Be7 Rf7 21. Bb4 a5
22. Ba3 Qc6 23. f3 h5 24. Nf1 Bb3 25. Red1 Nc5 26. Rd2 Bxc2 27. Rxc2 Rd8 28.
Qb5 Qxb5 29. axb5 Nb3 30. Re1 Rc7 31. Rce2 f4 32. g3 g5 33. h4 gxh4 34. gxf4
Rg8 35. Kh2 exf4 36. Re6 Nc5 37. Rd6 Kh7 38. Nd2 Bf8 39. Bxc5 Rcg7 40. Ne4 Rg2+
41. Kh1 Bxd6 42. Nf6+ Kg7 43. Nxg8 Rd2 44. Bxd6 Rxd6 45. Ne7 Rd2 46. Nc8 Rxb2
47. c4 a4 48. Ra1 Kf6 49. Nxb6 h3 50. Nxa4 Rb3 51. b6 Kg5 52. c5 Kh4 53. c6 1-0

[Event "GBR-ch 103th"]
[Site "Bournemouth"]
[Date "2016.07.28"]
[Round "4.17"]
[White "Osborne, Marcus E"]
[Black "Hand, Freddie"]
[Result "1-0"]
[WhiteElo "2244"]
[BlackElo "2062"]
[PlyCount "101"]
[EventDate "2016.07.25"]
[EventType "swiss"]
[EventRounds "11"]
[EventCountry "GBR"]

1. e4 d5 2. exd5 Nf6 3. Nc3 Nxd5 4. Bc4 Nb6 5. Bb3 Nc6 6. Qf3 e6 7. Nge2 Be7 8.
a4 a6 9. a5 Nd7 10. d4 Nf6 11. O-O O-O 12. Rd1 Nb4 13. Nf4 Bd6 14. Nh5 Nxh5 15.
Qxh5 Qf6 16. Ne4 Qg6 17. Qh4 Bd7 18. Nxd6 cxd6 19. Bf4 Bc6 20. Qg3 Qxg3 21.
Bxg3 Rfd8 22. f3 Nd5 23. Kf2 Nf6 24. Bh4 d5 25. g4 Rd7 26. Bxf6 gxf6 27. h4 h6
28. f4 Kg7 29. c3 Rh8 30. Bc2 Bb5 31. Re1 Rdd8 32. Ke3 Kf8 33. Bd3 Bxd3 34.
Kxd3 Rg8 35. Rg1 Ke7 36. Rab1 Kd6 37. Rg2 Kc6 38. Rf1 h5 39. g5 f5 40. Rfg1 Rg6
41. Rc2 Rgg8 42. Rgc1 Rc8 43. c4 Kd7 44. cxd5 exd5 45. Rxc8 Rxc8 46. Rc5 Rxc5
47. dxc5 Kc7 48. Kd4 Kc6 49. b3 Kb5 50. Kxd5 Kxa5 51. Ke5 1-0

[Event "GBR-ch 103th"]
[Site "Bournemouth"]
[Date "2016.07.28"]
[Round "4.18"]
[White "Klingher, Dominic"]
[Black "Lyell, Mark"]
[Result "0-1"]
[WhiteElo "2117"]
[BlackElo "2238"]
[PlyCount "80"]
[EventDate "2016.07.25"]
[EventType "swiss"]
[EventRounds "11"]
[EventCountry "GBR"]

1. b3 e5 2. Bb2 Nc6 3. e3 d6 4. Bb5 Bd7 5. Nf3 e4 6. Ng1 Qg5 7. Bf1 Nf6 8. Nc3
O-O-O 9. Qe2 d5 10. h4 Qg6 11. O-O-O Bd6 12. Nh3 Rhe8 13. Nb5 Be5 14. f3 Bxb2+
15. Kxb2 a6 16. Na3 Bxh3 17. Rxh3 d4 18. fxe4 Nxe4 19. Nc4 Nb4 20. h5 Qg5 21.
exd4 Nc3 22. dxc3 Rxe2 23. Bxe2 Qxg2 24. Re3 Nd5 25. Re5 f6 26. Bf1 Qf3 27.
Rxd5 Rxd5 28. Re1 Rxh5 29. Re8+ Kd7 30. Be2 Qh1 31. Bxh5 Qxh5 32. Re3 Qg5 33.
Re2 h5 34. Nd2 Qg4 35. Re3 h4 36. Ne4 b6 37. c4 f5 38. Nc3 h3 39. c5 h2 40. d5
bxc5 0-1

[Event "GBR-ch 103th"]
[Site "Bournemouth"]
[Date "2016.07.28"]
[Round "4.19"]
[White "Payne, Matthew J"]
[Black "Nelson, Jonathan P"]
[Result "1-0"]
[WhiteElo "2040"]
[BlackElo "2207"]
[PlyCount "73"]
[EventDate "2016.07.25"]
[EventType "swiss"]
[EventRounds "11"]
[EventCountry "GBR"]

1. e4 e5 2. Nf3 Nc6 3. d4 exd4 4. Nxd4 Nf6 5. Nxc6 bxc6 6. e5 Qe7 7. Qe2 Nd5 8.
c4 Nb6 9. Nc3 Ba6 10. b3 O-O-O 11. Bb2 Re8 12. f4 f6 13. O-O-O fxe5 14. Qg4 e4
15. c5 Bxf1 16. cxb6 Bd3 17. bxa7 Kb7 18. Rhe1 Qc5 19. Rxd3 exd3 20. Rxe8 Qxa7
21. Qf3 Qd4 22. Qe3 Qb4 23. Re4 Qd6 24. Rd4 Qg6 25. Qxd3 Qxg2 26. Ra4 Qg1+ 27.
Kc2 Qb6 28. Qxd7 Bd6 29. Ne4 Bxf4 30. Bd4 Qb5 31. Ra7+ Kb8 32. Nc3 Qh5 33. Qxc6
Qxh2+ 34. Kd3 Qh3+ 35. Kc4 Qf1+ 36. Kb4 Bd6+ 37. Ka4 1-0

[Event "GBR-ch 103th"]
[Site "Bournemouth"]
[Date "2016.07.28"]
[Round "4.20"]
[White "Walker, Samuel A"]
[Black "Brooks, Phil J"]
[Result "1/2-1/2"]
[WhiteElo "2022"]
[BlackElo "2190"]
[PlyCount "41"]
[EventDate "2016.07.25"]
[EventType "swiss"]
[EventRounds "11"]
[EventCountry "GBR"]

1. g3 d5 2. Nf3 e6 3. Bg2 b5 4. b3 Nf6 5. c4 c6 6. O-O Ba6 7. d3 Nbd7 8. Qc2
Rc8 9. Nbd2 Bd6 10. e4 O-O 11. Bb2 e5 12. d4 exd4 13. Nxd4 Bc5 14. Nf5 Re8 15.
Rae1 bxc4 16. bxc4 Nb6 17. e5 Nfd7 18. Nf3 Bf8 19. h4 Nxc4 20. Ng5 g6 21. e6
1/2-1/2

[Event "GBR-ch 103th"]
[Site "Bournemouth"]
[Date "2016.07.28"]
[Round "4.21"]
[White "Britton, Richard L"]
[Black "Menadue, Jeremy FS"]
[Result "0-1"]
[WhiteElo "2188"]
[BlackElo "2034"]
[PlyCount "82"]
[EventDate "2016.07.25"]
[EventType "swiss"]
[EventRounds "11"]
[EventCountry "GBR"]

1. Nf3 d5 2. g3 Nf6 3. Bg2 c6 4. O-O Bf5 5. d3 e6 6. Qe1 h6 7. Nbd2 Nbd7 8. b3
Be7 9. Bb2 O-O 10. e4 dxe4 11. dxe4 Bh7 12. Qe2 Qc7 13. e5 Nd5 14. Ne4 Nc5 15.
Nfd2 Bg6 16. h4 a5 17. a3 b5 18. c4 bxc4 19. Nxc5 c3 20. Nde4 cxb2 21. Qxb2
Rfb8 22. Rfc1 Qd8 23. Na4 Bxh4 24. Rxc6 Be7 25. Nd6 h5 26. Rac1 h4 27. Bxd5
exd5 28. Nb6 Rxb6 29. Rc8 Rxd6 30. Rxd8+ Rdxd8 31. gxh4 Bxh4 32. Qd4 Be7 33.
Rc3 Ra6 34. Rh3 Be4 35. f3 Rg6+ 36. Kf2 Bf5 37. Rh5 Rg5 38. Rh1 Rg6 39. Rh5 Be6
40. Rh1 Rc8 41. Ke3 Bc5 0-1

[Event "GBR-ch 103th"]
[Site "Bournemouth"]
[Date "2016.07.28"]
[Round "4.22"]
[White "Golding, James"]
[Black "Jones, Steven A"]
[Result "0-1"]
[WhiteElo "1991"]
[BlackElo "2186"]
[PlyCount "88"]
[EventDate "2016.07.25"]
[EventType "swiss"]
[EventRounds "11"]
[EventCountry "GBR"]

1. d4 Nf6 2. c4 g6 3. f3 e5 4. d5 a5 5. e4 Bc5 6. Nc3 d6 7. Nge2 Nh5 8. g3 f5
9. Bg2 f4 10. Qd3 c6 11. Bd2 cxd5 12. cxd5 O-O 13. O-O-O Na6 14. a3 Bd7 15. Kb1
Nc7 16. gxf4 Nxf4 17. Nxf4 exf4 18. a4 Qe8 19. h4 Bb4 20. h5 Qe5 21. hxg6 hxg6
22. Rh6 Kg7 23. Rdh1 Rh8 24. Rxh8 Rxh8 25. Rxh8 Kxh8 26. Ne2 g5 27. Bxb4 axb4
28. Qd1 Kg7 29. Nd4 Na6 30. Nb5 Nc5 31. Nxd6 Qxd6 32. Qd4+ Kf7 33. e5 Bf5+ 34.
Ka2 Qxd5+ 35. Qxd5+ Be6 36. Qxe6+ Kxe6 37. Bh3+ Kxe5 38. b3 b6 39. Bg4 Kd4 40.
Kb2 Ke3 41. Kc2 Nd3 42. Kd1 Ne5 43. Bh5 Nxf3 44. Bg4 Nd4 0-1

[Event "GBR-ch 103th"]
[Site "Bournemouth"]
[Date "2016.07.28"]
[Round "4.23"]
[White "Varney, Zoe"]
[Black "Coleman, David J"]
[Result "0-1"]
[WhiteElo "1818"]
[BlackElo "2181"]
[PlyCount "86"]
[EventDate "2016.07.25"]
[EventType "swiss"]
[EventRounds "11"]
[EventCountry "GBR"]

1. e4 c5 2. c3 g6 3. d4 cxd4 4. cxd4 d5 5. exd5 Nf6 6. Nc3 Bg7 7. Bc4 O-O 8.
Nf3 Nbd7 9. d6 exd6 10. O-O a6 11. a4 Nb6 12. Ba2 Bd7 13. a5 Nc8 14. Qb3 Rb8
15. Ng5 Be8 16. Re1 h6 17. Nge4 Nxe4 18. Rxe4 Kh7 19. Qb4 Bd7 20. Bf4 Bf5 21.
Re3 Qh4 22. Bxd6 Nxd6 23. Qxd6 Qxd4 24. Qxd4 Bxd4 25. Re7 Kg7 26. h3 h5 27.
Rae1 Bf6 28. Rc7 Bd8 29. Rc5 b6 30. axb6 Bxb6 31. Rc6 a5 32. Na4 Bd8 33. Rec1
Bd7 34. R6c4 Be6 35. b3 Bxc4 36. Rxc4 Be7 37. Rc7 Bb4 38. Nc5 Rfc8 39. Rxc8
Rxc8 40. Nd3 Rc3 41. Nxb4 axb4 42. f3 Rc2 43. Bb1 Rc1+ 0-1

[Event "GBR-ch 103th"]
[Site "Bournemouth"]
[Date "2016.07.28"]
[Round "4.24"]
[White "Miller, Dominic"]
[Black "Taylor, Adam A"]
[Result "1-0"]
[WhiteElo "1783"]
[BlackElo "2168"]
[PlyCount "75"]
[EventDate "2016.07.25"]
[EventType "swiss"]
[EventRounds "11"]
[EventCountry "GBR"]

1. e4 c5 2. Nf3 Nc6 3. d4 cxd4 4. Nxd4 Nf6 5. Nc3 e6 6. Ndb5 Bb4 7. a3 Bxc3+ 8.
Nxc3 d5 9. exd5 exd5 10. Bd3 O-O 11. O-O d4 12. Ne2 Re8 13. Bg5 h6 14. Bh4 g5
15. Bg3 Ne4 16. f3 Nxg3 17. Nxg3 Re3 18. f4 g4 19. Bf5 h5 20. Bxc8 Rxc8 21.
Nxh5 f5 22. c3 Qe7 23. cxd4 Qf7 24. d5 Qxh5 25. dxc6 Rxc6 26. Rc1 Qe8 27. Qd5+
Qe6 28. Qd8+ Kf7 29. Rcd1 Qe8 30. Qg5 Rf6 31. Qh5+ Kg7 32. Qg5+ Kf7 33. Qh4 Re7
34. Rde1 Re4 35. Rxe4 Qxe4 36. Re1 Qd4+ 37. Kh1 Qd6 38. Qh7+ 1-0

[Event "GBR-ch 103th"]
[Site "Bournemouth"]
[Date "2016.07.28"]
[Round "4.25"]
[White "Wall, Tim P"]
[Black "Zhu, Richard"]
[Result "1-0"]
[WhiteElo "2162"]
[BlackElo "1905"]
[PlyCount "77"]
[EventDate "2016.07.25"]
[EventType "swiss"]
[EventRounds "11"]
[EventCountry "GBR"]

1. e4 c6 2. d4 d5 3. f3 dxe4 4. fxe4 e5 5. Nf3 Bg4 6. Bc4 Nd7 7. O-O Ngf6 8. c3
Bd6 9. Qc2 O-O 10. Bg5 Qc7 11. Nbd2 Rae8 12. Bd3 b5 13. a4 a6 14. h3 Bh5 15.
Nh4 Bg6 16. Nf5 b4 17. Rae1 bxc3 18. bxc3 Bxf5 19. Rxf5 exd4 20. cxd4 Bg3 21.
Rc1 Qd6 22. Nc4 Qc7 23. e5 Bxe5 24. dxe5 Nxe5 25. Bxf6 gxf6 26. Nxe5 Rxe5 27.
Rxe5 Qxe5 28. Bxh7+ Kg7 29. Be4 Rd8 30. Bf3 Rd6 31. Qe4 Qb2 32. Qg4+ Kf8 33.
Qf4 Rd4 34. Qh6+ Kg8 35. Re1 Rd8 36. Be4 Qd4+ 37. Kh1 Qd2 38. Re3 Qd1+ 39. Kh2
1-0

[Event "GBR-ch 103th"]
[Site "Bournemouth"]
[Date "2016.07.28"]
[Round "4.26"]
[White "Birkett, Richard"]
[Black "Kalaiyalahan, Akshaya"]
[Result "0-1"]
[WhiteElo "2053"]
[BlackElo "2288"]
[PlyCount "62"]
[EventDate "2016.07.25"]
[EventType "swiss"]
[EventRounds "11"]
[EventCountry "GBR"]

1. e4 c5 2. Nf3 e6 3. d4 cxd4 4. Nxd4 Nc6 5. c3 Nf6 6. Bd3 d5 7. Nxc6 bxc6 8.
e5 Nd7 9. Qe2 Qc7 10. Bf4 Rb8 11. O-O Nc5 12. Nd2 Rxb2 13. Rfb1 Rxb1+ 14. Rxb1
Nxd3 15. Qxd3 f5 16. Qh3 Be7 17. Qh5+ g6 18. Qh6 Bf8 19. Qg5 Bg7 20. Nf3 Kf7
21. Qg3 h6 22. Nh4 g5 23. Nxf5 Kf8 24. Nd6 gxf4 25. Qg6 Bxe5 26. Rb8 Ke7 27.
Nxc8+ Rxc8 28. Rb7 Qxb7 29. Qh7+ Kf6 30. Qxh6+ Kf7 31. Qh5+ Kg8 0-1

[Event "GBR-ch 103th"]
[Site "Bournemouth"]
[Date "2016.07.28"]
[Round "4.27"]
[White "Hackner, Oskar A"]
[Black "Dilleigh, Stephen P"]
[Result "1-0"]
[WhiteElo "2156"]
[BlackElo "2053"]
[PlyCount "93"]
[EventDate "2016.07.25"]
[EventType "swiss"]
[EventRounds "11"]
[EventCountry "GBR"]

1. d4 d5 2. c4 e6 3. Nc3 Nf6 4. cxd5 exd5 5. Bg5 c6 6. e3 Be7 7. Qc2 Nbd7 8.
Bd3 Nh5 9. Bxe7 Qxe7 10. Nge2 g6 11. Qd2 Nb6 12. f3 Be6 13. O-O-O O-O-O 14. Kb1
f5 15. h3 Rhf8 16. g4 Ng7 17. Rdf1 Bg8 18. f4 Rde8 19. Rf3 Nc4 20. Bxc4 dxc4
21. Ng3 Bd5 22. Nxd5 cxd5 23. Qa5 Qe6 24. Qxa7 h5 25. gxh5 Nxh5 26. Rg1 Nf6 27.
Ka1 Nd7 28. Ne2 Rg8 29. Nc3 Nb6 30. Rfg3 Kc7 31. Qa5 Qc6 32. Qc5 Re6 33. Qxc6+
bxc6 34. Kb1 Nc8 35. Kc2 Ne7 36. Nb1 c5 37. Nc3 Kc6 38. Ne2 Ra8 39. a3 Rb8 40.
R1g2 Rf6 41. h4 Rh8 42. Rh2 Rf7 43. Ng1 cxd4 44. exd4 Rfh7 45. Nf3 Kc7 46. Re2
Rg8 47. Ng5 1-0

[Event "GBR-ch 103th"]
[Site "Bournemouth"]
[Date "2016.07.28"]
[Round "4.28"]
[White "Moreby, James E"]
[Black "Graham, David B"]
[Result "1/2-1/2"]
[WhiteElo "2040"]
[BlackElo "2152"]
[PlyCount "33"]
[EventDate "2016.07.25"]
[EventType "swiss"]
[EventRounds "11"]
[EventCountry "GBR"]

1. e4 c5 2. Nf3 d6 3. d4 cxd4 4. Nxd4 Nf6 5. Nc3 g6 6. Be3 Bg7 7. Be2 Nc6 8.
O-O O-O 9. h3 Bd7 10. Qd2 Nxd4 11. Bxd4 Bc6 12. Bf3 Qa5 13. Rad1 Rfe8 14. Nd5
Qxd2 15. Rxd2 Nxd5 16. exd5 Bb5 17. Re1 1/2-1/2

[Event "GBR-ch 103th"]
[Site "Bournemouth"]
[Date "2016.07.28"]
[Round "4.29"]
[White "Simons, Martin J"]
[Black "Zhang, Anthony Y"]
[Result "1/2-1/2"]
[WhiteElo "2015"]
[BlackElo "2149"]
[PlyCount "37"]
[EventDate "2016.07.25"]
[EventType "swiss"]
[EventRounds "11"]
[EventCountry "GBR"]

1. d4 Nf6 2. Nf3 d5 3. g3 c6 4. Bg2 g6 5. O-O Bg7 6. b3 O-O 7. Bb2 Nbd7 8. c4
e6 9. Nc3 b6 10. Qc2 Bb7 11. e4 dxe4 12. Nxe4 Nxe4 13. Qxe4 Rb8 14. Qe2 c5 15.
dxc5 bxc5 16. Bxg7 Kxg7 17. Rad1 Qc7 18. Qb2+ Kg8 19. Rfe1 1/2-1/2

[Event "GBR-ch 103th"]
[Site "Bournemouth"]
[Date "2016.07.28"]
[Round "4.30"]
[White "Starley, Robert"]
[Black "Smith, Andrew P"]
[Result "1-0"]
[WhiteElo "2001"]
[BlackElo "2145"]
[PlyCount "49"]
[EventDate "2016.07.25"]
[EventType "swiss"]
[EventRounds "11"]
[EventCountry "GBR"]

1. e4 e5 2. Nf3 d6 3. Bc4 Qf6 4. Nc3 c6 5. h3 h6 6. O-O Ne7 7. d4 Ng6 8. a4 Be7
9. b4 a6 10. Be3 Nd7 11. b5 axb5 12. axb5 Rxa1 13. Qxa1 exd4 14. Nxd4 Nde5 15.
Be2 Nh4 16. f4 Qg6 17. Rf2 Qg3 18. Bd2 Bxh3 19. fxe5 dxe5 20. Nf5 Nxf5 21. exf5
Bc5 22. Qa8+ Ke7 23. Qxb7+ Kd8 24. Qb8+ Kd7 25. bxc6+ 1-0

[Event "GBR-ch 103th"]
[Site "Bournemouth"]
[Date "2016.07.28"]
[Round "4.31"]
[White "Ralphs, Nigel"]
[Black "Shaw, Peter"]
[Result "1/2-1/2"]
[WhiteElo "2000"]
[BlackElo "2143"]
[PlyCount "47"]
[EventDate "2016.07.25"]
[EventType "swiss"]
[EventRounds "11"]
[EventCountry "GBR"]

1. e4 d6 2. d4 Nf6 3. Nc3 c6 4. Nf3 Bg4 5. h3 Bh5 6. Be2 e6 7. O-O d5 8. exd5
Bxf3 9. Bxf3 cxd5 10. Ne2 Bd6 11. Bf4 Nc6 12. c3 O-O 13. Re1 Qc7 14. Bxd6 Qxd6
15. Nc1 b5 16. Nd3 b4 17. Ne5 bxc3 18. bxc3 Nd7 19. Nxd7 Qxd7 20. c4 dxc4 21.
d5 exd5 22. Qxd5 Qxd5 23. Bxd5 Rac8 24. Bxc4 1/2-1/2

[Event "GBR-ch 103th"]
[Site "Bournemouth"]
[Date "2016.07.28"]
[Round "4.32"]
[White "Kalavannan, Koby"]
[Black "Elwin, Adrian G"]
[Result "1-0"]
[WhiteElo "2131"]
[BlackElo "1992"]
[PlyCount "123"]
[EventDate "2016.07.25"]
[EventType "swiss"]
[EventRounds "11"]
[EventCountry "GBR"]

1. d4 Nf6 2. c4 g6 3. Nf3 Bg7 4. g3 d6 5. Bg2 c6 6. O-O O-O 7. Nc3 Nbd7 8. e4
e5 9. h3 a6 10. Be3 Qc7 11. Rc1 Rd8 12. Qd2 exd4 13. Nxd4 Ne5 14. Qe2 c5 15.
Nb3 Be6 16. Nd5 Bxd5 17. cxd5 b5 18. Nd2 Qe7 19. f4 Ned7 20. Qf2 Rac8 21. Rfe1
Re8 22. g4 h6 23. Bf3 Nh7 24. Nf1 g5 25. Ng3 gxf4 26. Bxf4 Ng5 27. Bg2 Qf6 28.
Rc2 Ne5 29. Bxe5 Qxe5 30. Nf5 Nh7 31. Qh4 Nf6 32. Rce2 c4 33. g5 hxg5 34. Qxg5
Nh7 35. Qg4 Kh8 36. Qh5 Rf8 37. Rf1 b4 38. Rc2 c3 39. bxc3 bxc3 40. Rfc1 Rc5
41. Qe2 Ra8 42. Rb1 a5 43. Rb7 Rf8 44. Qh5 Qf4 45. Qf3 Be5 46. Qxf4 Bxf4 47.
Rb6 Rcc8 48. Kf2 Be5 49. Ke3 Rb8 50. Rxb8 Rxb8 51. Ne7 Rb2 52. Kd3 Nf8 53. Nc6
Bg7 54. Nxa5 Ng6 55. Rxb2 Nf4+ 56. Kc2 cxb2 57. Bf1 Bc3 58. Nc4 Kg7 59. Nxd6
Kf6 60. Nc4 Nh5 61. a4 Ng3 62. Bd3 1-0

[Event "GBR-ch 103th"]
[Site "Bournemouth"]
[Date "2016.07.28"]
[Round "4.33"]
[White "Bicknell, Carl"]
[Black "Shepherd, Katherine M"]
[Result "0-1"]
[WhiteElo "2121"]
[BlackElo "1932"]
[PlyCount "78"]
[EventDate "2016.07.25"]
[EventType "swiss"]
[EventRounds "11"]
[EventCountry "GBR"]

1. e4 e6 2. d4 d5 3. Nc3 Nf6 4. Bg5 Be7 5. e5 Nfd7 6. h4 c5 7. Bxe7 Kxe7 8. Qh5
f6 9. exf6+ Nxf6 10. Qg5 Kf7 11. dxc5 Qa5 12. Nf3 Nc6 13. O-O-O Qxc5 14. Bb5
Rf8 15. h5 h6 16. Qg6+ Kg8 17. Bxc6 bxc6 18. Qg3 Bd7 19. Nd4 Rae8 20. Rhe1 Nxh5
21. Qe5 Nf6 22. f3 Qb6 23. g4 Qb8 24. Qe2 Qf4+ 25. Kb1 e5 26. Nb3 e4 27. fxe4
Bxg4 28. Qd2 Nxe4 29. Qd4 Bxd1 30. Rxd1 Nxc3+ 31. Qxc3 Qf3 32. Qd2 Re2 33. Qc1
Qf4 34. Nd4 Qxc1+ 35. Kxc1 Ref2 36. Nxc6 Rf1 37. Ne7+ Kh7 38. Nxd5 Rxd1+ 39.
Kxd1 g5 0-1

[Event "GBR-ch 103th"]
[Site "Bournemouth"]
[Date "2016.07.28"]
[Round "4.34"]
[White "Grigoryan, Meri"]
[Black "Longson, Sarah N"]
[Result "0-1"]
[WhiteElo "1996"]
[BlackElo "2117"]
[PlyCount "97"]
[EventDate "2016.07.25"]
[EventType "swiss"]
[EventRounds "11"]
[EventCountry "GBR"]

1. c4 e5 2. Nc3 Nf6 3. g3 d5 4. cxd5 Nxd5 5. Bg2 Be6 6. Nf3 Nc6 7. O-O Nxc3 8.
bxc3 e4 9. Ne1 f5 10. d3 Bc5 11. Nc2 O-O 12. dxe4 fxe4 13. Ne3 Qf6 14. Qc2 Ne5
15. Qxe4 c6 16. a4 Rae8 17. Ba3 Bxa3 18. Rxa3 Bc8 19. Qb4 Qh6 20. Ra2 Rf7 21.
Rd2 Ng4 22. h4 Nxe3 23. Rd6 Nc2 24. Qc5 g6 25. e4 Qf8 26. e5 Bf5 27. Rfd1 Qe7
28. f4 Qc7 29. Bf1 Kh8 30. Bc4 Rfe7 31. Bb3 Qb6 32. Qxb6 axb6 33. Kf2 b5 34.
axb5 cxb5 35. Kf3 h5 36. Kf2 Na3 37. Ra1 Nc4 38. Rd5 Bd7 39. Bc2 Kg7 40. Rad1
Bc6 41. R5d4 Rf8 42. Ke2 Bg2 43. Be4 Bh3 44. Rb1 Bg4+ 45. Kd3 Bh3 46. Ke2 Bd7
47. Kd3 Ra8 48. Bxb7 Ra2 49. Ke4 0-1

[Event "GBR-ch 103th"]
[Site "Bournemouth"]
[Date "2016.07.28"]
[Round "4.35"]
[White "Dalton, Joseph"]
[Black "Fallowfield, Jeremy R"]
[Result "1/2-1/2"]
[WhiteElo "1928"]
[BlackElo "2109"]
[PlyCount "28"]
[EventDate "2016.07.25"]
[EventType "swiss"]
[EventRounds "11"]
[EventCountry "GBR"]

1. d4 Nf6 2. Nf3 g6 3. Nc3 d5 4. Bf4 Bg7 5. e3 O-O 6. Be2 c5 7. O-O cxd4 8.
exd4 Nc6 9. Re1 Bf5 10. Ne5 Rc8 11. Qd2 Ne4 12. Nxc6 Rxc6 13. Nxe4 Bxe4 14. c3
Bf5 1/2-1/2

[Event "GBR-ch 103th"]
[Site "Bournemouth"]
[Date "2016.07.28"]
[Round "4.36"]
[White "De Coverly, Roger D"]
[Black "Clark, Ian C"]
[Result "1/2-1/2"]
[WhiteElo "2082"]
[BlackElo "1963"]
[PlyCount "138"]
[EventDate "2016.07.25"]
[EventType "swiss"]
[EventRounds "11"]
[EventCountry "GBR"]

1. e4 c5 2. Nf3 d6 3. g3 g6 4. Bg2 Bg7 5. O-O Nc6 6. c3 Bg4 7. h3 Bxf3 8. Qxf3
e6 9. a4 Nge7 10. d3 O-O 11. Nd2 d5 12. Qe2 a6 13. f4 Qc7 14. Nf3 Rab8 15. Be3
Na5 16. e5 Nb3 17. Rae1 c4 18. d4 Qd7 19. g4 Qxa4 20. Nh4 Bh6 21. f5 Bxe3+ 22.
Qxe3 Kh8 23. fxe6 fxe6 24. Qh6 Rxf1+ 25. Rxf1 Qe8 26. Nf3 Ng8 27. Qh4 Rc8 28.
Ng5 Rc7 29. Qf2 b5 30. Nf7+ Kg7 31. Nd6 Qd8 32. g5 Na5 33. h4 Nb7 34. Qf4 Qe7
35. Bh3 Nd8 36. Qg4 a5 37. Rf4 b4 38. Qf3 bxc3 39. Qxc3 h6 40. Rf6 hxg5 41.
hxg5 Qd7 42. Rf2 a4 43. Qf3 Qe7 44. Qf6+ Qxf6 45. exf6+ Kf8 46. Re2 Rc6 47. Nb5
Kf7 48. Bg4 Rb6 49. Nc3 a3 50. bxa3 Rb3 51. Re3 Rxa3 52. Kf2 Rb3 53. Kg3 Rb2
54. Kf4 Rf2+ 55. Rf3 Rxf3+ 56. Kxf3 Nxf6 57. gxf6 Kxf6 58. Kf4 Nc6 59. Ke3 Nb4
60. Nb5 e5 61. dxe5+ Kxe5 62. Bd1 d4+ 63. Kd2 Nd5 64. Bf3 Nf6 65. Na3 c3+ 66.
Kd3 Nd7 67. Nc4+ Kf4 68. Bd1 Ne5+ 69. Kxd4 Nxc4 1/2-1/2

[Event "GBR-ch 103th"]
[Site "Bournemouth"]
[Date "2016.07.28"]
[Round "4.37"]
[White "Golding, Alex"]
[Black "Hewson, Brian Wr"]
[Result "0-1"]
[WhiteElo "1961"]
[BlackElo "2082"]
[PlyCount "64"]
[EventDate "2016.07.25"]
[EventType "swiss"]
[EventRounds "11"]
[EventCountry "GBR"]

1. d4 d5 2. Nf3 Nf6 3. c4 e6 4. Nc3 c6 5. e3 Nbd7 6. Qc2 Bd6 7. g4 dxc4 8. Bxc4
Nb6 9. Bd3 Nbd5 10. a3 g6 11. e4 Nxc3 12. bxc3 Be7 13. e5 Nd7 14. h4 Nf8 15.
Be4 h5 16. g5 c5 17. Rb1 Qc7 18. Qa4+ Nd7 19. d5 exd5 20. Bxd5 O-O 21. Qe4 Kh7
22. Bf4 Nb6 23. e6 Bd6 24. Ne5 Nxd5 25. Qxd5 Bxe6 26. Qxb7 Qxb7 27. Rxb7 Bxe5
28. Bxe5 Bd5 29. O-O Bxb7 30. Bd6 Rfc8 31. f4 Rc6 32. Be5 Bc8 0-1